Simplified design of filter circuits / (Record no. 182186)
[ view plain ]
| 000 -LEADER | |
|---|---|
| fixed length control field | 01234 a2200229 4500 |
| 003 - CONTROL NUMBER IDENTIFIER | |
| control field | Nust |
| 005 - DATE AND TIME OF LATEST TRANSACTION | |
| control field | 20221129145600.0 |
| 010 ## - LIBRARY OF CONGRESS CONTROL NUMBER | |
| LC control number | 98035333 |
| 020 ## - INTERNATIONAL STANDARD BOOK NUMBER | |
| International Standard Book Number | 0750696559 (pbk. : alk. paper) |
| 040 ## - CATALOGING SOURCE | |
| Transcribing agency | Nust |
| 082 00 - DEWEY DECIMAL CLASSIFICATION NUMBER | |
| Classification number | 621.3815,LEN |
| 100 1# - MAIN ENTRY--PERSONAL NAME | |
| Personal name | Lenk, John D. |
| 9 (RLIN) | 57741 |
| 245 10 - TITLE STATEMENT | |
| Title | Simplified design of filter circuits / |
| Statement of responsibility, etc. | John D. Lenk. |
| 260 ## - PUBLICATION, DISTRIBUTION, ETC. | |
| Place of publication, distribution, etc. | Boston : |
| Name of publisher, distributor, etc. | Newnes, |
| Date of publication, distribution, etc. | c1999. |
| 300 ## - PHYSICAL DESCRIPTION | |
| Extent | xiii, 224 p. : |
| Other physical details | ill. ; |
| Dimensions | 24 cm. |
| 440 #0 - SERIES STATEMENT/ADDED ENTRY--TITLE | |
| Title | EDN series for design engineers |
| 9 (RLIN) | 103789 |
| 505 ## - FORMATTED CONTENTS NOTE | |
| Formatted contents note | Introduction To Electronic Filters (Page-1), Typical Switched Capacitor Filter (Page-27), Continuous Lowpass Filters (Page-47), Zero DC-Error Lowpass Filters (Page-65), General Purpose Lowpass Filters (Page-91), General Purpose Elliptic Lowpass Filters (Page-101), Tabular Design Of Bandpass Filters (Page-113), Practical Considerations For Switched Capacitor Filters (Page-129), Active RC Filters Using Current-Feedback Amplifiers (Page-155), Simplified Design Examples (Page-169). |
| 650 #0 - SUBJECT ADDED ENTRY--TOPICAL TERM | |
| Topical term or geographic name entry element | Telecommunication engineering |
| 856 42 - ELECTRONIC LOCATION AND ACCESS | |
| Materials specified | Publisher description |
| Uniform Resource Identifier | <a href="http://www.loc.gov/catdir/description/els033/98035333.html">http://www.loc.gov/catdir/description/els033/98035333.html</a> |
| 856 42 - ELECTRONIC LOCATION AND ACCESS | |
| Materials specified | Table of contents |
| Uniform Resource Identifier | <a href="http://www.loc.gov/catdir/toc/els032/98035333.html">http://www.loc.gov/catdir/toc/els032/98035333.html</a> |
| 942 ## - ADDED ENTRY ELEMENTS (KOHA) | |
| Source of classification or shelving scheme | |
| Koha item type | Book |
| Withdrawn status | Lost status | Source of classification or shelving scheme | Damaged status | Not for loan | Permanent Location | Current Location | Shelving location | Date acquired | Full call number | Barcode | Date last seen | Price effective from | Koha item type | Public note |
|---|---|---|---|---|---|---|---|---|---|---|---|---|---|---|
| Military College of Signals (MCS) | Military College of Signals (MCS) | General Stacks | 12/12/2016 | 621.3815,LEN | MCS27740 | 12/08/2016 | 12/12/2016 | Book | Almirah No.33, Shelf No.1 |
